000 00776nam a2200229Ii 4500
003 JO-AjNU
008 230605s9999||||xx |||||||||||||| ||und||
017 _a2003/17838
020 _a977-305-597-3
040 _aJO-AjNU
_bara
_erda
_cJO-AjNU
041 _aara
050 1 4 _aPJ8060.D43 2003
100 3 _aالضبع، محمود إبراهيم,
_eauthor
_912768
245 0 0 _aقصيدة النثر وتحولات الشعرية العربية
250 _aط1
264 3 1 _aالقاهرة: الهيئة العامة لقصور الثقافة، 2003
300 _a408ص
336 _atext
_btxt
_2rdacontent
337 _aunmediated
_bn
_2rdamedia
338 _avolume
_bnc
_2rdacarrier
650 4 _aالأدب العربي - شعر - نثر - تاريخ ونقد
_912769
999 _aA3002
_c6570
_d6570